[Event "Basel op"]
[Site "Basel"]
[Date "2018.01.03"]
[Round "3"]
[White "Aeschbach, Philipp"]
[Black "Karthik, Venkataraman"]
[Result "1/2-1/2"]
[WhiteElo "2304"]
[BlackElo "2476"]
[PlyCount "128"]
[EventDate "2018.01.02"]
[EventType "swiss"]
[EventRounds "9"]
[EventCountry "SUI"]
[SourceTitle "CBM 182 Extra"]
[Source "ChessBase"]
[SourceDate "2018.02.23"]
[SourceVersion "1"]
[SourceVersionDate "2018.02.23"]
[SourceQuality "1"]

1. c4 b6 2. d4 Bb7 3. Nc3 e6 4. e4 Bb4 5. Bd3 f5 6. d5 fxe4 7. Bxe4 Nf6 8. Bg5 0-0 9. Nge2 exd5 10. Bxd5+ Bxd5 11. Bxf6 Qxf6 12. Qxd5+ Kh8 13. 0-0 Nc6 14. Ng3 Rae8 15. Qxd7 Ne5 16. Qb5 Bxc3 17. bxc3 Nd3 18. c5 Nxc5 19. Qc4 Rd8 20. f3 Qg6 21. Rad1 h6 22. Ne4 Ne6 23. Qc6 Qf7 24. Rfe1 Nf4 25. Rxd8 Rxd8 26. Qa4 a5 27. Qb3 Qg6 28. g3 Rf8 29. Qc4 c6 30. a4 Nd5 31. Kg2 Qf7 32. Qe2 b5 33. axb5 cxb5 34. Nd6 Qg6 35. Qe5 Nf4+ 36. Kg1 Nd3 37. Qe6 Qxe6 38. Rxe6 Rb8 39. Re3 Nc1 40. Re5 b4 41. cxb4 axb4 42. Rb5 Rxb5 43. Nxb5 b3 44. Kf1 Kg8 45. Ke1 b2 46. Na3 Nb3 47. Nb1 Kf7 48. Ke2 Ke6 49. Kd3 Kd5 50. Nc3+ Ke5 51. f4+ Kf5 52. h3 h5 53. Kc2 Nc5 54. Kxb2 Nd3+ 55. Kc2 Nf2 56. Kd2 Nxh3 57. Ke3 Kg4 58. Ne2 g6 59. Ke4 Nf2+ 60. Ke5 Nd3+ 61. Kf6 Nxf4 62. Nxf4 Kxg3 63. Nxg6 h4 64. Nxh4 Kxh4 1/2-1/2

[Event "SUI-ch 117th"]
[Site "Graechen"]
[Date "2017.07.15"]
[Round "3"]
[White "Brandis, Benjamin"]
[Black "Aeschbach, Philipp"]
[Result "0-1"]
[WhiteElo "1951"]
[BlackElo "2328"]
[PlyCount "102"]
[EventDate "2017.07.13"]
[EventType "swiss"]
[EventRounds "9"]
[EventCountry "SUI"]
[SourceTitle "EXT 2019"]
[Source "ChessBase"]
[SourceDate "2018.10.10"]
[SourceVersion "1"]
[SourceVersionDate "2018.10.10"]
[SourceQuality "1"]

1. e4 e5 2. Nf3 Nc6 3. d4 exd4 4. Nxd4 Bb4+ 5. Nc3 Nf6 6. Nxc6 bxc6 7. Bd3 d5 8. exd5 cxd5 9. 0-0 0-0 10. h3 c6 11. a3 Bd6 12. Bg5 h6 13. Bh4 Rb8 14. Rb1 Re8 15. Qf3 Be5 16. Bg3 Qd6 17. Ne2 c5 18. c3 Ne4 19. Rfd1 Nxg3 20. Nxg3 Bb7 21. Nf5 Qf6 22. Qg4 Bc6 23. Bc2 Qg5 24. Ne3 Qxg4 25. Nxg4 Bf4 26. g3 Bc7 27. b4 h5 28. Nh2 Be5 29. Rd3 d4 30. c4 Bd6 31. b5 Re2 32. bxc6 Rxb1+ 33. Bxb1 Re1+ 34. Kg2 Rxb1 35. Nf3 Rb6 36. Ng5 Rxc6 37. Ne4 Be7 38. Kf3 Rb6 39. h4 f6 40. Kf4 Kf7 41. f3 Rb1 42. g4 Rc1 43. Nd2 Bd6+ 44. Ke4 Ke6 45. Rb3 Rd1 46. Rb2 Re1+ 47. Kd3 Re3+ 48. Kc2 hxg4 49. fxg4 Bf4 50. Nb1 d3+ 51. Kd1 Rh3 0-1

[Event "SUI-ch op"]
[Site "Flims"]
[Date "2016.07.15"]
[Round "9"]
[White "Aeschbach, Philipp"]
[Black "Demuth, Adrien"]
[Result "0-1"]
[WhiteElo "2249"]
[BlackElo "2542"]
[PlyCount "66"]
[EventDate "2016.07.08"]
[EventType "swiss"]
[EventRounds "9"]
[EventCountry "SUI"]
[SourceTitle "CBM 173 Extra"]
[Source "ChessBase"]
[SourceDate "2016.08.29"]
[SourceVersion "1"]
[SourceVersionDate "2016.08.29"]
[SourceQuality "1"]

1. d4 Nf6 2. c4 e6 3. g3 d5 4. Nf3 dxc4 5. Bg2 Bb4+ 6. Bd2 a5 7. 0-0 0-0 8. Bg5 b5 9. Ne5 Ra6 10. a4 c6 11. Nc3 Rb6 12. e4 h6 13. Be3 Nbd7 14. f4 Qc7 15. g4 Nxe5 16. dxe5 Nd7 17. Bxb6 Qxb6+ 18. Kh1 Be7 19. axb5 cxb5 20. Qf3 b4 21. Ne2 Ba6 22. Rfd1 Nc5 23. Qe3 Qc7 24. Rac1 Rd8 25. Rxd8+ Qxd8 26. Bf3 Nd3 27. Rd1 Nf2+ 28. Qxf2 Qxd1+ 29. Kg2 Qd7 30. Qb6 Qb7 31. Qd4 c3 32. Nc1 cxb2 33. Qxb2 a4 0-1

[Event "SUI-ch op"]
[Site "Flims"]
[Date "2016.07.10"]
[Round "4"]
[White "Tregubov, Pavel V"]
[Black "Aeschbach, Philipp"]
[Result "1-0"]
[WhiteElo "2584"]
[BlackElo "2249"]
[PlyCount "111"]
[EventDate "2016.07.08"]
[EventType "swiss"]
[EventRounds "9"]
[EventCountry "SUI"]
[SourceTitle "CBM 173 Extra"]
[Source "ChessBase"]
[SourceDate "2016.08.29"]
[SourceVersion "1"]
[SourceVersionDate "2016.08.29"]
[SourceQuality "1"]

1. d4 d5 2. Nf3 Nf6 3. c4 c6 4. e3 Bf5 5. Nc3 a6 6. Bd3 Bg6 7. 0-0 e6 8. a3 Nbd7 9. Bxg6 hxg6 10. Qd3 Bd6 11. h3 0-0 12. e4 dxc4 13. Qxc4 e5 14. Rd1 Qc7 15. Bg5 Rad8 16. d5 Nb6 17. Qb3 cxd5 18. Rac1 Nbd7 19. Nxd5 Qb8 20. Nh2 Rc8 21. Rxc8 Rxc8 22. Bxf6 Nxf6 23. Nxf6+ gxf6 24. Ng4 Qc7 25. Nxf6+ Kg7 26. Nd5 Qc2 27. Qxc2 Rxc2 28. Ne3 Rc6 29. Kf1 Kf6 30. Ke2 Ke6 31. Rd2 a5 32. Rc2 Rxc2+ 33. Nxc2 Kd7 34. h4 Be7 35. g3 Kc6 36. Ne3 a4 37. Kd3 b5 38. Ng2 b4 39. axb4 Bxb4 40. g4 a3 41. bxa3 Bxa3 42. h5 Be7 43. h6 Bg5 44. h7 Bf6 45. g5 Bg7 46. Ne3 Kd6 47. Ng4 Ke6 48. Kc4 Bh8 49. Kc5 Bg7 50. Kc6 Bh8 51. Nf6 Bg7 52. Nd5 Bh8 53. Kc7 Bg7 54. Kd8 Bh8 55. Ke8 Bg7 56. Nc7+ 1-0

[Event "Zuerich op-A 39th"]
[Site "Zuerich"]
[Date "2015.12.27"]
[Round "3"]
[White "Aeschbach, Philipp"]
[Black "Cvitan, Ognjen"]
[Result "0-1"]
[WhiteElo "2197"]
[BlackElo "2499"]
[PlyCount "96"]
[EventDate "2015.12.26"]
[EventType "swiss"]
[EventRounds "7"]
[EventCountry "SUI"]
[SourceTitle "CBM 170 Extra"]
[Source "ChessBase"]
[SourceDate "2016.02.25"]
[SourceVersion "1"]
[SourceVersionDate "2016.02.25"]
[SourceQuality "1"]

1. d4 Nf6 2. c4 e6 3. g3 c5 4. d5 exd5 5. cxd5 d6 6. Nc3 g6 7. Bg2 Bg7 8. Nf3 0-0 9. 0-0 Re8 10. Nd2 a6 11. a4 Nbd7 12. h3 Rb8 13. Nc4 Nb6 14. Na3 Bd7 15. Re1 Nc8 16. Qd3 Qc7 17. e4 Na7 18. a5 Qxa5 19. Bf4 Qc7 20. Nc4 Nb5 21. e5 Nh5 22. exd6 Qd8 23. Be3 Nxc3 24. bxc3 Bb5 25. g4 Nf6 26. Bf4 Nd7 27. Bf1 Qf6 28. Qd2 Bxc4 29. Bxc4 Qxc3 30. Qxc3 Bxc3 31. Rxe8+ Rxe8 32. Rc1 Re1+ 33. Rxe1 Bxe1 34. g5 Kf8 35. Be2 Bc3 36. Bg4 Ke8 37. Kf1 Kd8 38. h4 Be5 39. Bxd7 Bxf4 40. Ba4 Bxd6 41. Ke2 b5 42. Bc2 c4 43. Kd2 Kc7 44. Kc3 Be5+ 45. Kb4 Kb6 46. Be4 a5+ 47. Ka3 Bd6+ 48. Kb2 Kc5 0-1

[Event "SUI-ch op"]
[Site "Leukerbad"]
[Date "2015.07.10"]
[Round "2"]
[White "Studer, Noel"]
[Black "Aeschbach, Philipp"]
[Result "1-0"]
[WhiteElo "2409"]
[BlackElo "2139"]
[PlyCount "79"]
[EventDate "2015.07.09"]
[EventType "swiss"]
[EventRounds "9"]
[EventCountry "SUI"]
[SourceTitle "EXT 2019"]
[Source "ChessBase"]
[SourceDate "2018.10.10"]
[SourceVersion "1"]
[SourceVersionDate "2018.10.10"]
[SourceQuality "1"]

1. e4 c5 2. Nf3 d6 3. d4 cxd4 4. Nxd4 Nf6 5. Nc3 a6 6. Be3 e5 7. Nf3 Qc7 8. a4 Be7 9. a5 0-0 10. Be2 Nc6 11. Bb6 Qd7 12. Nd2 d5 13. exd5 Nxd5 14. Nxd5 Qxd5 15. 0-0 Be6 16. c3 Bd8 17. Nc4 Qb5 18. b3 Rb8 19. Be3 Bc7 20. Qc2 Ne7 21. Nb6 Qc6 22. Bf3 Nd5 23. Nxd5 Bxd5 24. Bxd5 Qxd5 25. c4 Qc6 26. b4 Rbc8 27. Rac1 f5 28. f3 e4 29. fxe4 Qd6 30. g3 Qxb4 31. Rxf5 Rxf5 32. exf5 Qxa5 33. c5 Qa3 34. Qe4 Rf8 35. Qe6+ Kh8 36. f6 Qb2 37. Qe7 Qxf6 38. Qxc7 Qb2 39. Qd6 Re8 40. Rf1 1-0

[Event "Zuerich op-A 38th"]
[Site "Zuerich"]
[Date "2014.12.26"]
[Round "1"]
[White "Barle, Janez"]
[Black "Aeschbach, Philipp"]
[Result "0-1"]
[WhiteElo "2353"]
[BlackElo "2091"]
[PlyCount "68"]
[EventDate "2014.12.26"]
[EventType "swiss"]
[EventRounds "7"]
[EventCountry "SUI"]
[SourceTitle "CBM 164 Extra"]
[Source "ChessBase"]
[SourceDate "2015.03.02"]
[SourceVersion "1"]
[SourceVersionDate "2015.03.02"]
[SourceQuality "1"]

1. e4 c5 2. Nf3 d6 3. Bb5+ Bd7 4. Bxd7+ Qxd7 5. 0-0 Nc6 6. c3 Nf6 7. d4 Nxe4 8. d5 Ne5 9. Re1 Nf6 10. Nxe5 dxe5 11. Rxe5 e6 12. c4 Bd6 13. dxe6 fxe6 14. Re1 0-0 15. Nc3 Rad8 16. Qe2 Rde8 17. Bg5 Bb8 18. Rad1 Qc7 19. f4 Qc6 20. Bxf6 Rxf6 21. g3 Ref8 22. Qg2 Qc8 23. Ne4 Rg6 24. Nd6 Qd8 25. f5 Rg4 26. fxe6 Qe7 27. Qh3 Rg5 28. Nf7 Rg6 29. Qf5 Bxg3 30. hxg3 Rxg3+ 31. Kf1 Qh4 32. Re4 Qh1+ 33. Kf2 Qh2+ 34. Kf1 Rg1# 0-1

[Event "Zuerich op-B 32nd"]
[Site "Zuerich"]
[Date "2008.12.28"]
[Round "4"]
[White "Haufler, Boris"]
[Black "Aeschbach, Philipp"]
[Result "1-0"]
[WhiteElo "1969"]
[BlackElo "1896"]
[PlyCount "51"]
[EventDate "2008.12.26"]
[EventType "swiss"]
[EventRounds "7"]
[EventCountry "SUI"]
[SourceTitle "CBM 127 Extra"]
[Source "ChessBase"]
[SourceDate "2009.01.08"]
[SourceVersion "2"]
[SourceVersionDate "2009.01.28"]
[SourceQuality "1"]

1. d4 Nf6 2. Nf3 e6 3. g3 b6 4. Bg2 Bb7 5. c4 Be7 6. Nc3 Ne4 7. Bd2 0-0 8. d5 Nxd2 9. Qxd2 d6 10. 0-0 e5 11. e4 Nd7 12. b4 f5 13. exf5 Rxf5 14. Qd3 Rf8 15. Ne4 Nf6 16. Nfg5 Nxe4 17. Ne6 Nxf2 18. Rxf2 Qd7 19. Nxf8 Rxf8 20. Rxf8+ Bxf8 21. Rf1 g6 22. Qf3 Bg7 23. Bh3 Qe8 24. Be6+ Kh8 25. Qf7 Qd8 26. Qd7 1-0